Systémově dynamický model pro podporu řízení destinace cestovního ruchu jižní Čechy

Destinácia cestovného ruchu ako komplexný systém. Destinačný manažment a konkurencieschopnosť. Simulačné modely v cestovnom ruchu.

Enregistré dans:
Détails bibliographiques
Auteur principal: Štumpf, Petr
Autres auteurs: Vojtko, Viktor
Format: Chapitre de livre
Langue:tchèque
Sujets:
Tags: Ajouter un tag
Pas de tags, Soyez le premier à ajouter un tag!

MARC

LEADER 00000nla a2200000 4500
001 0227613
005 20240417075111.5
041 0 |a cze 
044 |a CZ 
245 1 0 |a Systémově dynamický model pro podporu řízení destinace cestovního ruchu jižní Čechy  |c Petr Štumpf, Viktor Vojtko 
520 |a Destinácia cestovného ruchu ako komplexný systém. Destinačný manažment a konkurencieschopnosť. Simulačné modely v cestovnom ruchu. 
610 2 0 |a ruch cestovný 
610 2 0 |a konkurencieschopnosť 
610 2 0 |a modely simulačné 
610 2 0 |a manažment destinačný 
610 2 0 |a Česko 
100 1 |a Štumpf, Petr 
700 1 |a Vojtko, Viktor